| 000 | 01849cam a22005894i 4500 | ||
|---|---|---|---|
| 003 | PE-LiUPU | ||
| 005 | 20250731170406.0 | ||
| 008 | 150617s r 000 0 d | ||
| 020 | _a842493511X | ||
| 035 | _a(Sirsi) i9788424935115 | ||
| 040 |
_aPE-LiUPU _bspa _cPE-LiUPU _erda |
||
| 049 | _aPRUA | ||
| 082 | 0 | 4 |
_a182 _bE28 _221 |
| 100 | 1 |
_aEditorial Gredos, _eautor. |
|
| 245 | 1 | 4 |
_aLos filósofos presocráticos I / _cEditorial Gredos. |
| 264 | 1 |
_aMadrid : _bGredos, _c1981. |
|
| 300 |
_a518 páginas ; _c20 centímetros |
||
| 336 |
_atext _2rdacontent |
||
| 337 |
_aunmediated _2rdamedia |
||
| 338 |
_avolume _2rdacarrier |
||
| 490 | 0 |
_aBiblioteca clásica Gredos ; _v12 |
|
| 505 | 0 | _aIntroducción general -- Tales, Anaximandro y Anaxímenes de Mileto -- Pitágoras y los primeros pitagóricos -- Almaceón de Crotona -- Jenófanes -- Heráclito -- Parménides -- . | |
| 526 | _aSEG68 | ||
| 526 | _aSEG70 | ||
| 526 | _aSEG69 | ||
| 526 | _aSEG67 | ||
| 526 | _aSEG43 | ||
| 526 | _aP144 | ||
| 526 | _aP143 | ||
| 526 | _aP131 | ||
| 526 | _aP122 | ||
| 526 | _aP120 | ||
| 526 | _aP117 | ||
| 526 | _aP112 | ||
| 526 | _aP110 | ||
| 526 | _aP106 | ||
| 526 | _aP101 | ||
| 526 | _aP80 | ||
| 526 | _aP59 | ||
| 526 | _aP54 | ||
| 526 | _aP35 | ||
| 526 | _aP33 | ||
| 526 | _aP30 | ||
| 650 | 0 | 4 | _aPresocráticos. |
| 910 |
_ajck _bjvq _cjck _d20150616 |
||
| 942 |
_2ddc _cBOOK |
||
| 949 |
_a182 E28 _wDEWEY _c1 _i28057 _d2016-10-25 _e2016-10-25 _lCCODEBUL1 _mBUL _n1 _r0 _sY _tBOOK _u2015-4-22 _xSALUD _zUNKNOWN _0COMPRA _o.STAFF. Colección General |
||
| 994 |
_aC0 _bPEPRU |
||
| 596 | _a1 | ||
| 999 |
_a182 E28 _wDEWEY _c3310 _i28057 _d3310 _e2019-3-13 _f2021-11-4 _g5 _lCCODEBUL1 _mBUL _n7 _q3 _r0 _sY _tBOOK _u2015-4-22 _xBIBLIOTECA _zUNKNOWN _0COMPRA _o.STAFF. Colección General |
||
| 980 |
_81 _gALBERTO SANCHEZ Responsable de Automatización |
||